Six the Musical - Statistics

General Stats
  • This quiz has been taken 112 times
  • The average score is 5 of 17
Answer Stats
Question Answer % Correct
Which queen is "Heart of Stone" sung by? Jane Seymour
70%
Who did Aimie Atkinson play in her run of the production? Katherine Howard
69%
What is the first group song in the production? Ex-wives
68%
What song does Anne Boleyn sing? Don't lose ur head
64%
Who are the creators of Six? Toby Marlow and Lucy Moss
51%
Who plays Jane Seymour in the West End production (current as of 2021) Natalie May Paris
42%
What other country is Six doing a tour in? Australia
33%
Who sings "Get Down" in the cast recording? Genesis Lynea
23%
Which cruise line is the show performed on? Bliss
22%
Who plays Anna of Cleves on Broadway? Brittney Mack
19%
Which theatre is the West End production based in? The Arts Theatre
13%
Who plays Catherine Parr on the tour production of Six? (UK) Athena Collins
12%
Who is the dance captain for the West End production? Collette Guitart
12%
Name one of the three alternates in the West End production Hana Stewart/Zara Mackintosh/Cherelle Jay
11%
What are the ladies in waiting called? (in order of their place in megasix) Maggie, Bessie, Joan and Maria
7%
Where was Six first performed? The Edinburgh Fringe Festival
3%
What date did the broadway production open? March 13 2020
2%
No matching quizzes found
Score Distribution
Percent of People with Each Score
Percentile by Number Answered
Your Score History
You have not taken this quiz